000 00513nam a2200181 i 4500
001 97649
003 ES-MaACL
005 20231213062943.0
007 t|
008 050715s1961 sp ||||1| spa d
100 1 _aMarías, Julián,
_d1914-2005
_976688
245 1 0 _aImagen de la India /
_cpor Julián Marías.
260 _aMadrid :
_bRevista de Occidente,
_c1961.
300 _a99 p., 5 lám. col. ;
_c24 cm.
651 0 _aIndia-
_xDescripción.
_98839
852 _aES-MaACL
_jC-19657
999 _c97649
_d97649